Normal view
MARC view
Entry Personal Name
001 - CONTROL NUMBER
- control field: 2459
003 - CONTROL NUMBER IDENTIFIER
- control field: BD-RjUL
005 - DATE AND TIME OF LATEST TRANSACTION
- control field: 20220417104632.0
008 - FIXED-LENGTH DATA ELEMENTS
- fixed length control field: 220417|| aca||aabn | a|a d
040 ## - CATALOGING SOURCE
- Original cataloging agency: BD-RjUL
- Transcribing agency: BD-RjUL
100 ## - HEADING--PERSONAL NAME
- Personal name: দেহলভী, মিয়াঁ নাযীর হুসাইন
- Dates associated with a name: ১৮০৫ - ১৯০২ খ্রিস্টাব্দ
- General subdivision: জীবনী
670 ## - SOURCE DATA FOUND
- Source citation: Work cat.: (BD-RjUL)79288: আহমদ, সিহাব উদ্দিন 1011, মিয়াঁ নাযীর হুসাইন দেহলভী :, ২০১৪